banner-ar

عمران وعمائر بلدة القصر بالواحات الداخلة فى ضوء الاحكام الفقهية : (Record no. 66806)

MARC details
000 -الفاتح
حقل البيانات ثابتة الطول 00924nam a2200205Ia 4500
005 - وقت وتاريخ اخر تعامل مع التسجيلة
رقم الضبط 20240530110940.0
008 - عناصر البيانات ثابتة الطول - معلومات عامة
حقل البيانات ثابتة الطول 140319s2021 ua dhf f 000 0 ara d
017 ## - رقم الايداع القانونى
رقم الايداع القانونى 2020/19752
المصدر ( الهيئة المختصة) مصر. دار الكتب
020 ## - الرقم الدولى المعيارى للكتب
الرقم الدولى المعيارى للكتاب 9789776840164
040 ## - مصدر الفهرسة
وكالة الفهرسة الأصلية GCL /
وكالة النسخ GCL
082 04 - رقم تصنيف ديوى العشرى
رقم الطبعة 21
رقم التصنيف 728
رقم المادة ق/س ع
100 0# - المدخل الرئيسى - إسم شخصى
الإسم الشخصى سهام احمد اسماعيل بحر
245 10 - بيان العنوان
العنوان عمران وعمائر بلدة القصر بالواحات الداخلة فى ضوء الاحكام الفقهية :
بقية العنوان دراسة اثرية معمارية تحليلية /
بيان المسئوليه,etc سهام احمد اسماعيل بحر
260 ## - PUBLICATION, DISTRIBUTION, ETC. (IMPRINT)
تاريخ النشر أو التوزيع 2021.
300 ## - الوصف المادى
التعداد 812 ص. :
تفاصيل ماديه اخرى للوعاء ايض ؛
أبعاد الوعاء 24 سم.
650 07 - المدخل الاضافى بالموضوع-مصطلح موضوعى
مصطلح موضوعي العمارة الاسلامية
651 07 - المدخل الاضافى بالموضوع - اسم جغرافى
الاسم الجغرافي الواحات الداخلة
التقسيم الفرعي العام العمارة
942 ## - عناصر المدخل الإضافي( كوها)
مصدر التصنيف او مخطط الترفيف Dewey Decimal Classification
Koha [default] item type كتاب
260 ## - PUBLICATION, DISTRIBUTION, ETC. (IMPRINT)
-- الاسكندرية :
-- دار الوفاء لدنيا الطباعة و النشر،
Holdings
حالة التراجع حالة الفقد حالة تلف ليس للاعارة المكان المؤقت الموقع الحالى موقع الترفيف تاريخ الاكتساب اجمالي اﻻعارات رقم الطلب الباركود تاريخ اخر مشاهدة تاريخ تفعيل السعر نوع وعاء كوها
        مكتبة القاهرة الكبرى مكتبة القاهرة الكبرى   10/29/2022   728ق/ س ع 168702 10/29/2022 10/29/2022 كتاب

Powered By

EGPV